书目信息 |
| 题名: |
对莱布尼茨哲学的批评性解释
|
|
| 作者: | 罗素 著 ;段德智 译 | |
| 分册: | ||
| 出版信息: | 北京 商务印书馆 2000 |
|
| 页数: | 400页 | |
| 开本: | 19cm | |
| 丛书名: | ||
| 单 册: | ||
| 中图分类: | B516.22 | |
| 科图分类: | ||
| 主题词: | 哲学--欧洲 | |
| 电子资源: | ||
| ISBN: | 7-100-02908-2 | |
| 000 | 00689nam0 2200217 45 | |
| 001 | 0309231009 | |
| 005 | 20031219104116.0 | |
| 010 | @a7-100-02908-2@dCNY21.00 | |
| 100 | @a20030923d2000 km y0chiy0120 ea | |
| 101 | 0 | @achi@ceng |
| 105 | @a z 000yy | |
| 200 | 1 | @a对莱布尼茨哲学的批评性解释@ADui Lai Bu Ni Ci Zhe Xue De Pi Ping Xing Jie Shi@f(英)罗素著@F(Ying)Luo Su Zhu@g段德智等译 |
| 210 | @a北京@c商务印书馆@d2000 | |
| 215 | @a400页@d19cm | |
| 600 | 0 | @a莱布尼茨@bG.W.@f(1646-1716)@x哲学思想@x研究 |
| 606 | 0 | @a哲学@x欧洲 |
| 690 | @aB516.22@v4 | |
| 701 | @a罗素@4著 | |
| 702 | 0 | @a段德智@ADuan De Zhi@4译 |
| 801 | @aCN@bTSTC@c20030923 | |
| 905 | @b326249-253@dB516.22@e76@f5 | |
| 对莱布尼茨哲学的批评性解释/(英)罗素著/段德智等译.-北京:商务印书馆,2000 |
| 400页;19cm |
| ISBN 7-100-02908-2:CNY21.00 |
| ● |
| 相关链接 |
|
|
|
|
正题名:对莱布尼茨哲学的批评性解释
索取号:B516.22/76
 
预约/预借
| 序号 | 登录号 | 条形码 | 馆藏地/架位号 | 状态 | 备注 |
| 1 | 0326249 | 203262496 | 第一借阅区/ [索取号:B516.22/76] | 在馆 | |
| 2 | 0326250 | 203262502 | 第一借阅区/ [索取号:B516.22/76] | 在馆 | |
| 3 | 0326251 | 203262511 | 第一借阅区/ [索取号:B516.22/76] | 在馆 | |
| 4 | 0326252 | 203262520 | 第一借阅区/ [索取号:B516.22/76] | 在馆 | |
| 5 | 0326253 | 203262539 | 第一样本阅览室/ [索取号:B516.22/76] | 在馆 |